| 000 | 00402nam a22001697a 4500 | ||
|---|---|---|---|
| 999 |
_c253975 _d253974 |
||
| 003 | OSt | ||
| 005 | 20230327122937.0 | ||
| 008 | 160524b xxu||||| |||| 00| 0 eng d | ||
| 010 | _a2005045759 | ||
| 020 | _a0345476131 | ||
| 040 | _cN/A | ||
| 050 |
_aPS3602 _b.E764 T47 2005 |
||
| 100 | _aBerry Steve | ||
| 245 |
_aThird Secret _bA Novel |
||
| 260 |
_aUSA _bBallantine Books _c2005 |
||
| 942 |
_2lcc _cBK |
||